000 00631nam a22002297a 4500
003 UA-OsUOA
001 18534
007 ta
008 20040206b un ||||| |||| 00| 0 ukr d
090 _bП-82
942 _cBK
040 _aUA-OsUOA
_bukr
_cUA-OsUOA
_dUA-OsUOA
245 _aПросвіта і просвітяни
_bДо 135-ліття товариства "Просвіта"
300 _a95 с.
955 _a0
041 _aukr
020 _a966-8306-23-6
591 _a66.79(4Укр-4Рів)
260 _aРівне
_bВолинські обереги
_c2003
044 _aUA
650 7 _aІсторія
_2UDC
999 _c304705
_d304705